| 000 | 00720nam a2200217Ii 4500 | ||
|---|---|---|---|
| 003 | JO-AjNU | ||
| 008 | 230606s9999||||xx |||||||||||||| ||und|| | ||
| 020 | _a978-981-4714-52-2/981-4714-52-6 | ||
| 040 |
_aJO-AjNU _beng _erda _cJO-AjNU |
||
| 041 | _aeng | ||
| 050 | 1 | 4 | _aHF5657.4.F65 2016 |
| 100 | 3 |
_aBrewer, Peter C. , Garrison, Ray H. Noreen, Eric W, _eauthor _95889 |
|
| 245 | 0 | 0 | _aIntroduction To Managerial Accounting |
| 250 | _a7 ed | ||
| 264 | 3 | 1 | _aNew York: McGraw-Hill,2016 |
| 300 |
_a648P _bHas tables |
||
| 336 |
_atext _btxt _2rdacontent |
||
| 337 |
_aunmediated _bn _2rdamedia |
||
| 338 |
_avolume _bnc _2rdacarrier |
||
| 650 | 4 |
_aManagerial Accounting - Financial Accounting - Cost Accounting. _95890 |
|
| 999 |
_aE3056 _c3053 _d3053 |
||